El Código de la Niñez y la adolescencia: oportunidad para una educación inclusiva y formadora de ciudadanos /
Tallennettuna:
| Päätekijä: | |
|---|---|
| Aineistotyyppi: | Teksti |
| Aiheet: | |
| Tagit: |
Lisää tagi
Ei tageja, Lisää ensimmäinen tagi!
|
MARC
| LEADER | 00000 a a2200000 04500 | ||
|---|---|---|---|
| 001 | 13075 | ||
| 003 | |||
| 040 | |||
| 100 | |a Osorio Ponce, Rodolfo | ||
| 245 | |a El Código de la Niñez y la adolescencia: |b oportunidad para una educación inclusiva y formadora de ciudadanos / |c Rodolfo Osorio Ponce | ||
| 650 | |a DERECHOS DEL NIÑO | ||
| 650 | |a NIÑOS | ||
| 650 | |a EDUCACION | ||
| 650 | |a ESTADO | ||
| 650 | |a DERECHOS HUMANOS | ||
| 773 | |g volumen 3, número 8; páginas 2-6 | ||
| 999 | |c 26870 |d 26870 | ||
